Βελτιστοποίηση μεθόδου φασματοφωτομετρικού προσδιορισμού λιπιδίων : πτυχιακή εργασία
Στόχος της πτυχιακή είναι ο προσδιορισμός των λιπιδίων σε επιλεγμένα θαλάσσια μικροφύκη με την εφαρμογή μεθόδων για την γρήγορη αποτίπωση των λιπιδίων.
Αποθηκεύτηκε σε:
| Κύριος συγγραφέας: | |
|---|---|
| Συγγραφή απο Οργανισμό/Αρχή: | |
| Άλλοι συγγραφείς: | |
| Μορφή: | Thesis Βιβλίο |
| Γλώσσα: | Greek |
| Δημοσίευση: |
2015.
|
| Θέματα: | |
| Διαθέσιμο Online: | http://hdl.handle.net/11610/7387 |
| Ετικέτες: |
Προσθήκη ετικέτας
Δεν υπάρχουν, Καταχωρήστε ετικέτα πρώτοι!
|
MARC
| LEADER | 00000cam a2200000 a 4500 | ||
|---|---|---|---|
| 001 | 1/110121 | ||
| 008 | 160301s2015####gr | ||| |||| ||gre|| | ||
| 040 | |a GR-MyUa |b gre |c GR-MyUa |e AACR2 | ||
| 041 | 0 | |a gre | |
| 082 | 7 | |a 579.8 |2 (23) | |
| 100 | 1 | |a Σαράντου, Σοφία-Μαρία. | |
| 245 | 1 | 0 | |a Βελτιστοποίηση μεθόδου φασματοφωτομετρικού προσδιορισμού λιπιδίων : |b πτυχιακή εργασία / |c Σ. Μ. Σαράντου ; επιβλέπουσα: Μ. Κωστοπούλου-Καραντανέλλη. |
| 260 | |c 2015. | ||
| 300 | |a 39 σ. : |b πίν. ; |c 24 εκ. | ||
| 502 | |a Πτυχιακή εργασία – Πανεπιστήμιο Αιγαίου, Λέσβος, 2015. | ||
| 504 | |a Περιλαμβάνει βιβλιογραφία και παράρτημα. | ||
| 506 | 1 | |a Ηλεκτρονική διάθεση στο πλήρες κείμενο – περιορισμένης πρόσβασης ; |d Ελεύθερη διάθεση μόνο στα μέλη του Πανεπιστημίου Αιγαίου. | |
| 520 | 8 | |a Στόχος της πτυχιακή είναι ο προσδιορισμός των λιπιδίων σε επιλεγμένα θαλάσσια μικροφύκη με την εφαρμογή μεθόδων για την γρήγορη αποτίπωση των λιπιδίων. | |
| 650 | 0 | |a Biomass energy. | |
| 650 | 0 | |a Algal biofuels. | |
| 650 | 0 | |a Algae products. | |
| 700 | 1 | |a Κωστοπούλου-Καραντανέλλη, Μαρία, |e dgsf | |
| 710 | 2 | |a Πανεπιστήμιο Αιγαίου |b Σχολή Περιβάλλοντος |b Τμήμα Επιστημών της Θάλασσας. | |
| 852 | |a INST |b LESVOS |c DIATR |e 20160301 |h 940 |p 005100057346 |q 005100057346 |t DIE |y 23 | ||
| 856 | |u http://hdl.handle.net/11610/7387 | ||
| 924 | |a Σαράντου |b Σοφία Μαρία |y Λέσβος |z 2015-11 | ||
| 970 | |a Τζαφέρη |b Ευαγγελία |z 01-03-2016 | ||